| 000 | 00931nam a22002537a 4500 | ||
|---|---|---|---|
| 005 | 20170123162316.0 | ||
| 010 | _aA-842107 | ||
| 020 | _c51.00 | ||
| 035 | _aA-842107 | ||
| 037 | _bCen Lib/Ret | ||
| 040 |
_aDPL _bUR |
||
| 082 |
_a840.8 _bن ث ا |
||
| 245 |
_aپروفسور نثار احمد فاروقی ; _cمراتب خلیق انجم _bشاصیت اور ادبی خدمات / |
||
| 246 |
_aProfessor Nasir Ahmad Faruqi : shasiyat aur adabi khidmaat / _beditde by Khaleeq Anjum |
||
| 260 |
_aنیی دہلی _bمقتبہ جامہ لمیٹڈ _c1993 |
||
| 270 |
_bنیی دہلی _aجامہ نگر _e110025 |
||
| 300 |
_a104p. _c21cm(Hb) |
||
| 650 |
_aاردو ادب _v _9114651 |
||
| 650 |
_aاردو سوانح عمری _9114652 |
||
| 650 |
_aUrdu literature _9114653 |
||
| 650 |
_aUrdu boigraphy _9110954 |
||
| 700 |
_a خلیق انجم _9114654 |
||
| 942 |
_2ddc _cUR _h840.8 _mن ث ا |
||
| 999 |
_c106745 _d106745 |
||